01101cam a22002891a 450000100060000000300080000600500170001400800390003103500190007003500180008904000370010704100080014408200260015210000430017824500650022126000360028630000290032249000260035150000640037750000930044160000430053470000350057770000260061294200120063899900170065095201440066727680BD-RjUL20211209051204.0140325s1944 nyuach 000 0aeng a(BD-RjUL)27759 a(OCoLC)303316 aDLCcODaUdOCoLCdPPiUdDLCbeng aeng00a973.3092aBbFRA 19441 aFranklin, Benjamin,d1706-1790.98501314aThe autobiography of Benjamin Franklin /cBenjamin Franklin. aNew York :bRANDOM HOUS,cc1944 a264 p. :bill. ;c20 cm.0 aClassics Club library a"Edited, with introduction and notes, by Gordon S. Haight." a"The continuation of Benjamin Franklin's life (1760-1790) by Alan V. McGee": p. 271-300.10aFranklin, Benjamin,d1706-1790.9850171 aHaight, Gordon Sherman.9850151 aMcGee, Alan V.985016 2ddccBK c27680d27680 00102ddc40728NFICaRUCLbRUCLcReadingd1958-02-25eU.S.I.S daccag0.00l0o973.3092 FRA 1944r2014-03-25 00:00:00tC-1w2014-03-25yBK